Footballeurs par image - Angleterre - Statistiques

Statistiques générales
  • Ce quiz a été pris 297 fois
  • Le résultat moyen est 12 sur 16
Statistiques - réponses
Par images Réponse % Correct
Harry Kane
100%
Jude Bellingham
97%
David Beckham
96%
Wayne Rooney
93%
Kyle Walker
92%
Frank Lampard
89%
Trent Alexander Arnold
87%
Steven Gerrard
86%
Jordan Pickford
81%
Sir Bobby Charlton
72%
Ashley Cole
68%
Paul Scholes
67%
Peter Crouch
67%
Michael Owen
65%
Gary Neville
50%
Kevin Keegan
11%
Aucun quiz correspondant
Distribution des résultats
% des personnes avec chaque résultat
Percentile par nombre de réponses
Votre historique - résultats
Vous n’avez pas pris ce quiz